00489pab a2200157 454500008004000000100001700040245004900057260000900106300001200115362001100127650002700138773003400165909001000199999001700209952010500226180718b1989 xxu||||| |||| 00| 0 eng d aAlavi, Hamza aNationhood and the nationalities in Pakistan c1989 a1527-34 a8 July aNationalism - Pakistan aEconomic and Political Weekly a14277 c14277d14277 00104070aIIPAbIIPAd2018-07-19hVolume no: 24, Issue no: 27pAR14320r2018-07-19w2018-07-19yAR